| 000 | 01014nam a2200325Ia 4500 | ||
|---|---|---|---|
| 003 | OSt | ||
| 005 | 20220912150805.0 | ||
| 006 | a|||||r|||| 00| 0 | ||
| 007 | ta | ||
| 008 | 220909b |||||||| |||| 00| 0 eng d | ||
| 020 | _a0123504392 (hbd) | ||
| 024 | _a12922 | ||
| 037 | _b208, 27/10/2004, Ashutosh Technical Books | ||
| 037 | _cTextual | ||
| 040 |
_aCSL _beng _cCSL |
||
| 041 | _aeng | ||
| 082 | _aK96:4:56, N6 | ||
| 100 | _aIwama George Ed. | ||
| 245 | 0 | _aFish immune system: Organism, pathogen, and environment | |
| 260 |
_aSan Diego _bAcademic Press _c1996 |
||
| 300 | _axii, 380p | ||
| 490 | _aFish Physiology; 15 | ||
| 500 |
_aIncludes bibliographical references; Index 367-378p. _ccm. |
||
| 650 | _a Fish immune system | ||
| 650 | _a Fish physiology | ||
| 650 | _aZoology | ||
| 700 | _a Nakanishi Teruyuki Ed. | ||
| 942 |
_hK96:4:56, N6 _cTEXL _2CC |
||
| 999 |
_c55070 _d55070 |
||